[Event "Montreal Varennes op"]
[Site "Montreal"]
[Date "2016.10.08"]
[Round "2"]
[White "Chabot, Roland"]
[Black "Roy, Myriam"]
[Result "1-0"]
[WhiteElo "2168"]
[BlackElo "1974"]
[PlyCount "73"]
[EventDate "2016.10.07"]
[EventType "swiss"]
[EventRounds "5"]
[EventCountry "CAN"]
[SourceTitle "CBM 175 Extra"]
[Source "ChessBase"]
[SourceDate "2016.12.12"]
[SourceVersion "1"]
[SourceVersionDate "2016.12.12"]
[SourceQuality "1"]

1. d4 d5 2. c4 c6 3. Nf3 Nf6 4. Nc3 dxc4 5. e4 b5 6. e5 Nd5 7. a4 Nxc3 8. bxc3 e6 9. Ng5 Be7 10. h4 a6 11. axb5 Bxg5 12. Bxg5 Qd5 13. b6 Nd7 14. Be2 Nxb6 15. Rb1 Rb8 16. Bf3 Qd7 17. Be4 Qc7 18. Rh3 Bb7 19. Rg3 g6 20. Bf6 Rg8 21. Qc1 h5 22. Qa3 Nd5 23. Bg5 Kd7 24. Rf3 Kc8 25. Qc5 Re8 26. Qxc4 Qd7 27. Qc5 Nc7 28. c4 a5 29. Rfb3 Na6 30. Qa7 Qc7 31. Rxb7 Rxb7 32. Qxa6 Kb8 33. Rxb7+ Qxb7 34. Qxa5 Rc8 35. Qa3 Rc7 36. g3 Qb6 37. Bd8 1-0

[Event "Montreal Elite POM"]
[Site "Montreal"]
[Date "2012.10.05"]
[Round "1.1"]
[White "Roy, Myriam"]
[Black "Sambuev, Bator"]
[Result "0-1"]
[WhiteElo "2042"]
[BlackElo "2594"]
[PlyCount "94"]
[EventDate "2012.10.05"]
[EventType "swiss"]
[EventRounds "7"]
[EventCountry "CAN"]
[SourceTitle "EXT 2022"]
[Source "ChessBase"]
[SourceDate "2021.10.06"]
[SourceVersion "1"]
[SourceVersionDate "2021.10.06"]
[SourceQuality "1"]

1. e4 e6 2. d4 d5 3. Nc3 Bb4 4. e5 c5 5. Bd2 Nc6 6. Nb5 Bxd2+ 7. Qxd2 Nxd4 8. Nxd4 cxd4 9. Nf3 Ne7 10. Qxd4 Nc6 11. Qg4 0-0 12. Bd3 f6 13. Qh4 h6 14. exf6 Qxf6 15. Qxf6 Rxf6 16. c3 e5 17. Bc2 Bg4 18. Nd2 Rd8 19. 0-0 Kf8 20. f3 Bf5 21. Bxf5 Rxf5 22. Rad1 Rf4 23. Nb3 b6 24. Rf2 Ke7 25. Rfd2 Ke6 26. Nc1 g5 27. Re1 Ra4 28. g3 Rf8 29. Kg2 g4 30. f4 Re4 31. Rde2 Kf5 32. fxe5 Nxe5 33. Rd1 Rd8 34. Red2 Ke6 35. b3 Nf3 36. Rf2 Re3 37. Re2 Re5 38. Rxe5+ Kxe5 39. Nd3+ Ke4 40. Nf4 d4 41. cxd4 Rc8 42. Nd3 Rc2+ 43. Nf2+ Kd5 44. a4 a5 45. h3 Ng5 46. hxg4 Ne4 47. Rf1 Kxd4 0-1

[Event "CAN-ch (Women)"]
[Site "Montreal"]
[Date "2012.08.09"]
[Round "6"]
[White "Shi, Ling Yun"]
[Black "Roy, Myriam"]
[Result "0-1"]
[WhiteElo "1362"]
[BlackElo "1982"]
[PlyCount "128"]
[EventDate "2012.08.05"]
[EventType "swiss"]
[EventRounds "9"]
[EventCountry "CAN"]
[SourceTitle "EXT 2022"]
[Source "ChessBase"]
[SourceDate "2021.10.06"]
[SourceVersion "1"]
[SourceVersionDate "2021.10.06"]
[SourceQuality "1"]

1. e4 c5 2. Nf3 d6 3. Bb5+ Bd7 4. Bxd7+ Qxd7 5. 0-0 Nf6 6. Re1 Nc6 7. c3 g6 8. d3 Bg7 9. Nbd2 0-0 10. Nf1 b5 11. Rb1 a6 12. Ng3 Qc7 13. Bf4 e5 14. Bd2 Rfe8 15. Qc1 Rac8 16. b3 d5 17. Qc2 dxe4 18. dxe4 h6 19. Be3 Qe7 20. h3 Na5 21. Red1 c4 22. b4 Nb7 23. Rd2 Bf8 24. Nh2 Qe6 25. f3 Red8 26. Rbd1 Rxd2 27. Rxd2 a5 28. a3 axb4 29. axb4 Ra8 30. Qb2 h5 31. Ngf1 Ra4 32. Qc1 Qa6 33. Qe1 Ra3 34. Rd1 Kh7 35. Ng3 Ra2 36. Rd2 Ra1 37. Rd1 Rxd1 38. Qxd1 Qa3 39. Qc1 Qb3 40. Nhf1 Be7 41. Bg5 Nd8 42. Ne3 Ne6 43. Bxf6 Bxf6 44. Nd5 Bg5 45. Qa1 Nf4 46. Nxf4 Bxf4 47. Ne2 Be3+ 48. Kf1 Qc2 49. Qe1 Qd3 50. Qa1 Kg7 51. Qe1 f6 52. Qa1 g5 53. Qe1 Kh6 54. Qa1 Kg6 55. Qe1 Bd2 56. Qa1 g4 57. hxg4 hxg4 58. fxg4 Qxe4 59. Qd1 Qd3 60. Qa1 Kg5 61. Qd1 Kxg4 62. Qa1 f5 63. Qa6 Qb1+ 64. Kf2 Qe1# 0-1

[Event "Trois-Rivieres Mauricie op"]
[Site "Trois Rivieres"]
[Date "2012.03.17"]
[Round "2"]
[White "Roy, Myriam"]
[Black "Castellanos Rodriguez, Renier"]
[Result "0-1"]
[WhiteElo "2093"]
[BlackElo "2522"]
[PlyCount "58"]
[EventDate "2012.03.16"]
[EventType "swiss"]
[EventRounds "5"]
[EventCountry "CAN"]
[SourceTitle "EXT 2022"]
[Source "ChessBase"]
[SourceDate "2021.10.06"]
[SourceVersion "1"]
[SourceVersionDate "2021.10.06"]
[SourceQuality "1"]

1. e4 c5 2. Nf3 e6 3. d4 cxd4 4. Nxd4 a6 5. Bd3 Bc5 6. Nb3 Be7 7. c4 d6 8. Nc3 Nf6 9. 0-0 b6 10. Be3 Bb7 11. f4 Nbd7 12. a4 Nc5 13. Nxc5 bxc5 14. e5 dxe5 15. fxe5 Ng4 16. Qxg4 Qxd3 17. Rfe1 Qg6 18. Qxg6 hxg6 19. Ra3 Rh4 20. b3 Rd8 21. Ra2 Rd3 22. Rc2 Rh5 23. Bf2 Rf5 24. a5 Bc6 25. Na4 Rxb3 26. Ra2 Bxa4 27. Rxa4 Rf4 28. g3 Rff3 29. Kg2 Rfc3 0-1

[Event "Wch U16 Girls"]
[Site "Caldas Novas"]
[Date "2011.11.22"]
[Round "5"]
[White "Roy, Myriam"]
[Black "Guimaraes, Artemis Pamela"]
[Result "0-1"]
[WhiteElo "1939"]
[BlackElo "2028"]
[PlyCount "48"]
[EventDate "2011.11.18"]
[EventType "swiss"]
[EventRounds "9"]
[EventCountry "BRA"]
[SourceTitle "EXT 2013"]
[Source "ChessBase"]
[SourceDate "2012.11.22"]
[SourceVersion "1"]
[SourceVersionDate "2012.11.22"]
[SourceQuality "1"]

1. e4 e5 2. Nf3 Nc6 3. d4 exd4 4. Nxd4 Bc5 5. Be3 Qf6 6. c3 Nge7 7. Bc4 b6 8. Qd2 Qg6 9. f3 Ne5 10. Bf1 0-0 11. b4 Bd6 12. Na3 a5 13. Nc4 Nxc4 14. Bxc4 axb4 15. cxb4 Be5 16. Rd1 d5 17. exd5 Bxh2 18. Ne2 Qxg2 19. Rxh2 Qxh2 20. Bf4 Qh4+ 21. Kf1 Ng6 22. Bd3 Nxf4 23. Nxf4 Bh3+ 24. Nxh3 Qxh3+ 0-1

[Event "Montreal Varennes inv"]
[Site "Montreal"]
[Date "2011.11.06"]
[Round "4"]
[White "Leveille, Francois"]
[Black "Roy, Myriam"]
[Result "1-0"]
[WhiteElo "2309"]
[BlackElo "2088"]
[PlyCount "69"]
[EventDate "2011.11.04"]
[EventType "tourn"]
[EventRounds "5"]
[EventCountry "CAN"]
[SourceTitle "EXT 2022"]
[Source "ChessBase"]
[SourceDate "2021.10.06"]
[SourceVersion "1"]
[SourceVersionDate "2021.10.06"]
[SourceQuality "1"]

1. c4 c6 2. e4 d5 3. exd5 cxd5 4. d4 Nf6 5. Nc3 e6 6. Nf3 Nc6 7. Bd3 Be7 8. 0-0 0-0 9. a3 dxc4 10. Bxc4 Nd5 11. Re1 a6 12. Bd3 Bf6 13. Be4 h6 14. Bc2 Nce7 15. Qd3 Ng6 16. Be3 b5 17. h4 Re8 18. Qe4 Bd7 19. Rad1 Qc7 20. Qg4 Nde7 21. h5 Nf8 22. Bxh6 Nf5 23. Bf4 Qc8 24. Be5 Nh7 25. Rc1 Bc6 26. Ne4 Bxe5 27. dxe5 Qd8 28. Red1 Qe7 29. Nd6 Nh6 30. Bxh7+ Kxh7 31. Ng5+ Kg8 32. Qf4 Bd5 33. Nxe8 Rxe8 34. Rd3 a5 35. Rdc3 1-0

[Event "Montreal Varennes inv"]
[Site "Montreal"]
[Date "2011.11.06"]
[Round "5"]
[White "Roy, Myriam"]
[Black "Chiku Ratte, Olivier Kenta"]
[Result "0-1"]
[WhiteElo "2088"]
[BlackElo "2177"]
[PlyCount "96"]
[EventDate "2011.11.04"]
[EventType "tourn"]
[EventRounds "5"]
[EventCountry "CAN"]
[SourceTitle "EXT 2022"]
[Source "ChessBase"]
[SourceDate "2021.10.06"]
[SourceVersion "1"]
[SourceVersionDate "2021.10.06"]
[SourceQuality "1"]

1. e4 c5 2. Nf3 d6 3. d4 cxd4 4. Nxd4 Nf6 5. Nc3 g6 6. Be2 Bg7 7. Be3 Nc6 8. Nb3 0-0 9. 0-0 Be6 10. f4 Rc8 11. Kh1 a6 12. Qe1 b5 13. Bd3 Na5 14. Rd1 Nc4 15. Bc1 b4 16. Ne2 Qb6 17. f5 Bd7 18. Nf4 a5 19. Qe2 Bb5 20. Rde1 a4 21. Nd2 Nxd2 22. Qxd2 Bxd3 23. cxd3 b3 24. axb3 Qxb3 25. d4 Rc2 26. Qa5 Qc4 27. e5 Ne4 28. Nd5 Nf2+ 29. Kg1 Ng4 30. Nxe7+ Kh8 31. Qb6 dxe5 32. h3 e4 33. f6 Nxf6 34. Qd6 Ne8 35. Qa3 Qxd4+ 36. Kh1 Nf6 37. Rd1 Qc4 38. Bg5 Qe2 39. Rg1 Nh5 40. Bh4 Rd2 41. Rxd2 Qxd2 42. Qxa4 e3 43. Re1 g5 44. Rd1 Qxb2 45. Bxg5 e2 46. Re1 Qc3 47. Bh4 Be5 48. Nf5 Ng3+ 0-1

[Event "CAN-ch (Women) 15th"]
[Site "Toronto"]
[Date "2011.10.08"]
[Round "2"]
[White "Roy, Myriam"]
[Black "Khoudgarian, Natalia"]
[Result "0-1"]
[WhiteElo "1957"]
[BlackElo "2140"]
[PlyCount "80"]
[EventDate "2011.10.08"]
[EventType "swiss"]
[EventRounds "6"]
[EventCountry "CAN"]
[SourceTitle "CBM 144 Extra"]
[Source "ChessBase"]
[SourceDate "2011.10.28"]
[SourceVersion "1"]
[SourceVersionDate "2011.10.28"]
[SourceQuality "1"]

1. e4 e6 2. d4 d5 3. Nd2 Nf6 4. e5 Nfd7 5. Bd3 c5 6. c3 cxd4 7. cxd4 Nc6 8. Ne2 f6 9. exf6 Nxf6 10. Nf3 Bd6 11. 0-0 0-0 12. Bg5 Bd7 13. Bh4 Be8 14. Nc3 Bh5 15. Be2 Qb6 16. Ng5 Qxd4 17. Qxd4 Nxd4 18. Bxh5 Nxh5 19. Rad1 Bc5 20. Na4 b6 21. Nxc5 bxc5 22. b4 h6 23. Nh3 g5 24. g4 Nf3+ 25. Kh1 Nxh4 26. gxh5 Nf3 27. bxc5 Rac8 28. Rc1 e5 29. Rfd1 d4 30. Ng1 Nxg1 31. Kxg1 Kf7 32. Rd2 Rc6 33. Rb1 Rfc8 34. Rb7+ R8c7 35. Rdb2 Rxc5 36. Rb8 Rd7 37. Rh8 Kg7 38. Rbb8 d3 39. Rbf8 Rf7 40. Re8 d2 0-1

[Event "Montreal op 91st"]
[Site "Montreal"]
[Date "2011.09.11"]
[Round "5.17"]
[White "Roy, Myriam"]
[Black "Seguin, Rene"]
[Result "1/2-1/2"]
[WhiteElo "1957"]
[BlackElo "1949"]
[PlyCount "63"]
[EventDate "2011.09.09"]
[EventType "swiss"]
[EventRounds "5"]
[EventCountry "CAN"]
[SourceTitle "EXT 2022"]
[Source "ChessBase"]
[SourceDate "2021.10.06"]
[SourceVersion "1"]
[SourceVersionDate "2021.10.06"]
[SourceQuality "1"]

1. e4 c5 2. Nf3 e6 3. d4 cxd4 4. Nxd4 Nf6 5. Nc3 d6 6. Be2 Be7 7. 0-0 0-0 8. f4 a6 9. Bf3 Qc7 10. Be3 Nc6 11. a4 Na5 12. Kh1 Nc4 13. Bc1 e5 14. Nf5 Bxf5 15. exf5 exf4 16. Bxf4 Ne5 17. Qe1 Nxf3 18. Rxf3 Rfe8 19. Bg5 h6 20. Bd2 d5 21. Qf2 Rad8 22. Rg3 Kh7 23. Qf3 d4 24. Ne4 Nxe4 25. Qxe4 Bf6 26. Qd3 Qe5 27. Qb3 Qd5 28. h3 Qxb3 29. Rxb3 Re2 30. Rd1 Rd7 31. Kg1 Rde7 32. Rf3 1/2-1/2

[Event "Canadian op 48th"]
[Site "Toronto"]
[Date "2011.07.14"]
[Round "6"]
[White "Roy, Myriam"]
[Black "Patterson, Roger"]
[Result "1-0"]
[WhiteElo "1935"]
[BlackElo "2134"]
[PlyCount "59"]
[EventDate "2011.07.09"]
[EventType "swiss"]
[EventRounds "9"]
[EventCountry "CAN"]
[SourceTitle "EXT 2022"]
[Source "ChessBase"]
[SourceDate "2021.10.06"]
[SourceVersion "1"]
[SourceVersionDate "2021.10.06"]
[SourceQuality "1"]

1. e4 c5 2. Nf3 d6 3. d4 cxd4 4. Nxd4 Nf6 5. Nc3 e6 6. g3 Be7 7. Bg2 0-0 8. 0-0 a6 9. a4 Qc7 10. Be3 Nc6 11. f4 Re8 12. Nb3 b6 13. Qe2 Bb7 14. Qf2 Nd7 15. Rad1 Nc5 16. f5 Ne5 17. h3 Bc6 18. Nd4 Bd7 19. g4 Bf8 20. f6 Nxa4 21. Nxa4 Bxa4 22. b3 Bd7 23. Bg5 Bc8 24. Qh4 Ra7 25. Rf2 Qc5 26. Qh5 Rc7 27. Nf3 Nxf3+ 28. Bxf3 gxf6 29. Bxf6 Qxh5 30. gxh5 1-0

[Event "Trois-Rivieres Mauricie op"]
[Site "Trois Rivieres"]
[Date "2011.03.18"]
[Round "1"]
[White "Roy, Myriam"]
[Black "Roussel Roozmon, Thomas"]
[Result "0-1"]
[WhiteElo "2055"]
[BlackElo "2483"]
[PlyCount "86"]
[EventDate "2011.03.18"]
[EventType "swiss"]
[EventRounds "5"]
[EventCountry "CAN"]
[SourceTitle "EXT 2022"]
[Source "ChessBase"]
[SourceDate "2021.10.06"]
[SourceVersion "1"]
[SourceVersionDate "2021.10.06"]
[SourceQuality "1"]

1. e4 g6 2. d4 Bg7 3. f4 d6 4. Nf3 c5 5. Nc3 cxd4 6. Nxd4 Nc6 7. Nb3 Nf6 8. Be2 0-0 9. Be3 a6 10. 0-0 Qc7 11. Bf3 Be6 12. Nd5 Bxd5 13. exd5 Na5 14. Nxa5 Qxa5 15. Bd4 Nd7 16. Bxg7 Kxg7 17. Qd4+ Kg8 18. a4 Rac8 19. c3 Qc5 20. Rfd1 a5 21. Bg4 f5 22. Bf3 Rc7 23. Qxc5 Nxc5 24. g3 Kf7 25. Re1 Nb3 26. Rad1 Rc4 27. Rd3 Re8 28. Bd1 Nc5 29. Rde3 Re4 30. Bc2 Rxe3 31. Rxe3 Rb8 32. b4 Na6 33. bxa5 Rc8 34. h3 h5 35. g4 hxg4 36. hxg4 fxg4 37. Rg3 Rc4 38. Rxg4 Rxc3 39. Bxg6+ Kf6 40. Be8 Nc7 41. Bd7 Nxd5 42. f5 Ke5 43. Be6 Nf4 0-1

[Event "Quebec-ch U16"]
[Site "Montreal"]
[Date "2010.11.28"]
[Round "5"]
[White "Roy, Myriam"]
[Black "MacIsaac, Alexandre"]
[Result "1-0"]
[WhiteElo "2007"]
[BlackElo "1738"]
[PlyCount "69"]
[EventDate "2010.11.26"]
[EventType "swiss"]
[EventRounds "5"]
[EventCountry "CAN"]
[SourceTitle "EXT 2013"]
[Source "ChessBase"]
[SourceDate "2012.11.22"]
[SourceVersion "1"]
[SourceVersionDate "2012.11.22"]
[SourceQuality "1"]

1. e4 c5 2. Nf3 d6 3. d4 cxd4 4. Nxd4 Nf6 5. Nc3 g6 6. Be2 Bg7 7. 0-0 Nc6 8. Be3 Bd7 9. Kh1 0-0 10. f4 a6 11. Bf3 Ne8 12. Qd2 Nf6 13. Rad1 Ng4 14. Bg1 Rc8 15. h3 Nf6 16. Qe2 Qa5 17. Rfe1 Qb4 18. e5 dxe5 19. fxe5 Ne8 20. Nd5 Qxb2 21. Nxc6 Rxc6 22. Nxe7+ Kh8 23. Nxc6 Bxc6 24. Bxc6 bxc6 25. Bc5 Rg8 26. Rd7 Qxa2 27. Rf1 f5 28. Ra7 Qd5 29. Be7 Bxe5 30. Rd1 Qe6 31. Re1 Qb3 32. Qxe5+ Nf6 33. Bxf6+ Rg7 34. Bxg7+ Kg8 35. Qe8# 1-0

[Event "Quebec-ch Elite"]
[Site "Montreal"]
[Date "2010.10.08"]
[Round "1"]
[White "Hajiyev, Elshad"]
[Black "Roy, Myriam"]
[Result "0-1"]
[WhiteElo "2126"]
[BlackElo "1855"]
[PlyCount "90"]
[EventDate "2010.10.08"]
[EventType "swiss"]
[EventRounds "7"]
[EventCountry "CAN"]
[SourceTitle "EXT 2013"]
[Source "ChessBase"]
[SourceDate "2012.11.22"]
[SourceVersion "1"]
[SourceVersionDate "2012.11.22"]
[SourceQuality "1"]

1. d4 d5 2. Nf3 c6 3. c3 Nf6 4. Bg5 Nbd7 5. e3 e6 6. Bd3 Be7 7. Nbd2 c5 8. Rc1 b6 9. Ne5 Bb7 10. Qa4 0-0 11. Ndf3 Nxe5 12. dxe5 Ne4 13. Bf4 f5 14. exf6 Bxf6 15. Qc2 Qe7 16. Bxe4 dxe4 17. Nd2 e5 18. Bg3 Rad8 19. Nxe4 Ba6 20. Nxf6+ Qxf6 21. c4 e4 22. 0-0 Rd3 23. Qa4 Bb7 24. b4 h5 25. h4 g5 26. hxg5 Qxg5 27. Qxa7 Rf7 28. Qxb6 h4 29. Bf4 Qg4 30. Kh2 Rg7 31. Rg1 Rd2 32. Rcf1 Bc8 33. Qh6 Rg6 34. Qxg6+ Qxg6 35. Rd1 Rxd1 36. Rxd1 Qg4 37. Rd5 Bf5 38. b5 h3 39. gxh3 Qxh3+ 40. Kg1 Kf7 41. b6 Bg4 42. Rg5 Bf3 43. Bh2 Qh6 44. Rf5+ Ke7 45. b7 Qg7+ 0-1

[Event "Quebec-ch U18"]
[Site "Montreal"]
[Date "2008.04.20"]
[Round "5"]
[White "Roy, Myriam"]
[Black "Lepine, Cedric"]
[Result "1-0"]
[WhiteElo "1892"]
[BlackElo "1611"]
[PlyCount "49"]
[EventDate "2008.04.18"]
[EventType "tourn"]
[EventRounds "5"]
[EventCountry "CAN"]
[SourceTitle "EXT 2011"]
[Source "ChessBase"]
[SourceDate "2010.11.26"]
[SourceVersion "1"]
[SourceVersionDate "2010.11.26"]
[SourceQuality "1"]

1. e4 Nf6 2. e5 Nd5 3. d4 d6 4. exd6 cxd6 5. Nf3 Bg4 6. Be2 e6 7. h3 Bh5 8. 0-0 Be7 9. c4 Nb6 10. Bf4 g5 11. Bg3 N8d7 12. Qd3 Bg6 13. Qd2 Rc8 14. Na3 h5 15. Nb5 Nxc4 16. Bxc4 Rxc4 17. Nxd6+ Bxd6 18. Bxd6 g4 19. hxg4 hxg4 20. Nh2 Qb6 21. Bg3 Rxd4 22. Qc3 Rh5 23. Qc8+ Ke7 24. Bc7 Qc6 25. Qd8# 1-0